=LDR 00000nam 2200000 4500 =001 INLIS000000000002614 =005 20130612090934 =008 ***********************************Ind** =035 ##$$0010-061300000002614 =041 ##$$a Ind =082 ##$$a 613.704 6 =090 ##$$a 613.704 6, Chi s =100 ##$$a Chia, Mantak =245 ##$$a Struktur inti tai chi, Mantak Chia; Alih bahasa, Ismail I Ishaq =260 ##$$a 1999 $b Jakarta =300 ##$$a xxi,237 hlm, ilus, 22 cm =650 ##$$a Bela Diri Tai Chi =650 ##$$a Aspek Kesehatan =700 ##$$a Ishaq, Ismail I =850 ##$$a NBPNMAT =990 ##$$a 2090100627/BPAP-NTB/2015